|
|
|
|
| LEADER |
00000nam a2200000 a 4500 |
| 001 |
vtls001092290 |
| 003 |
SK-MaSNL |
| 005 |
20260302094559.0 |
| 008 |
180815s1983 xo 0 slo |
| 015 |
|
|
|a SNBA1983/09
|
| 020 |
|
|
|c (155 výtl.)
|
| 035 |
|
|
|a SNK000035132
|
| 040 |
|
|
|a SNK
|b slo
|c SNK
|e AACR2
|
| 041 |
0 |
|
|a slo
|
| 044 |
|
|
|a xo
|c SK
|
| 080 |
|
|
|a 656.1.052.8(082)
|2 1981
|
| 245 |
1 |
0 |
|a Súčasné prístupy k problémom zvyšovania odbornej spôsobilosti vodičov
|c zostavila Terézia Klajbanová
|
| 250 |
|
|
|a 1. vyd.
|
| 260 |
|
|
|a Bratislava
|b Dom techniky ČSVTS
|c 1983
|e Bratislava
|f Dom techniky ČSVTS
|
| 300 |
|
|
|a 108 s., 5,091 AH
|b Tb.
|c 20 cm
|
| 500 |
|
|
|a Lit. 1. Pre účast. podujatia a pre služobnú potrebu podnikov. Publ. je predajná Rozmn.
|
| 650 |
0 |
7 |
|a cestná doprava
|2 SNKPH
|9 1776
|
| 650 |
0 |
7 |
|a profesijné kompetencie
|2 SNKPH
|9 74959
|
| 650 |
0 |
7 |
|a profesionálni vodiči
|2 SNKPH
|9 99993
|
| 655 |
|
7 |
|a zborníky
|2 SNKPH
|9 70165
|
| 700 |
1 |
|
|a Klajbanová, Terézia
|4 com
|9 278962
|
| 958 |
|
|
|a OND
|
| 999 |
|
|
|c 1213728
|d 1215658
|
| 952 |
|
|
|a SNK
|b SNK
|y VYP
|7 0
|p 17A0474274
|o snkSD 54775 D1
|i snk2005/14396
|8 1
|0 0
|1 0
|4 0
|d 2005-08-17
|l 0
|r 2026-02-24 23:20:34
|w 2026-02-24
|